000 02361nas1a22003611 4500
001 RU\NLR\BIBL_A\022520800
005 20260129122430.0
011 _a2949-5121
035 _a(NLR Aleph) 022520800
090 _a13535241
_c13535241
100 _a20260129 rusy50
101 0 _arus
102 _aRU
110 _aahuzz 0|y|
181 0 _ai
_baxxe
182 0 _an
200 1 _aСовременные философские исследования
_dContemporary philosophical research
_eрецензируемый научный журнал
_fГосударственный университет просвещения
_zeng
203 _aТекст
_bвизуальный
_cнепосредственный
207 0 _a2023, № 3 -
210 _aМосква
_cГУП
_d2023 -
311 _aРанее выходил как: Московский государственный областной университет. Вестник Московского государственного областного университета. Серия "Философские науки", ISSN 2072-8530
430 0 _1001RU\NLR\Per\535100
_1011$a2072-8530
_12001#$aВестник Московского государственного областного университета$iСерия "Философские науки"
_171002$aМосковский государственный областной университет$3RU\NLR\AUTH\8810042517
_93065299
_aМосковский государственный областной университет
_cМосква
_d2007 -
_iСерия "Философские науки"
_nИзд-во МГОУ
_tВестник Московского государственного областного университета
_x2072-8530
510 1 _aContemporary philosophical research
_zeng
606 1 _aФилософия
_jПериодические издания
_z21 в.
_92534076
_3RU\NLR\AUTH\661500815
686 1 _aЮ0,0я54
712 0 2 _4570
_aГосударственный университет просвещения
_cМосква/Мытищи
_9849535
_3RU\NLR\AUTH\880592018
852 _aNLR
_jП26/403
942 _cJOURNAL
980 _aRUSPER
980 _aNB